JINI Services Manager (Record no. 9179)

000 -LEADER
fixed length control field 00516 a2200169 4500
003 - CONTROL NUMBER IDENTIFIER
control field NUST
038 ## - RECORD CONTENT LICENSOR
Staff Name a
082 ## - DEWEY DECIMAL CLASSIFICATION NUMBER
Classification number BESE-3
100 ## - MAIN ENTRY--PERSONAL NAME
Personal name Muhammad Kamran Azhar
9 (RLIN) 93295
245 ## - TITLE STATEMENT
Title JINI Services Manager
Statement of responsibility, etc. Muhammad Kamran Azhar
260 ## - PUBLICATION, DISTRIBUTION, ETC.
Place of publication, distribution, etc. Rawalpindi,
Name of publisher, distributor, etc. NUST Military College of Signals,
Date of publication, distribution, etc. 2001.
300 ## - PHYSICAL DESCRIPTION
Extent 79 p. :
Other physical details ill. ;
Dimensions 27 cm.
500 ## - GENERAL NOTE
General note Supervisors : Dr. Arshad Ali, Dr. Iosif Legrand.
563 ## - BINDING INFORMATION
Binding note a
856 ## - ELECTRONIC LOCATION AND ACCESS
Uniform Resource Identifier <a href="http://10.250.8.41:8080/xmlui/handle/123456789/11434">http://10.250.8.41:8080/xmlui/handle/123456789/11434</a>
942 ## - ADDED ENTRY ELEMENTS (KOHA)
Koha item type Thesis
Call number prefix BESE-3 KAM
Source of classification or shelving scheme
Holdings
Withdrawn status Lost status Source of classification or shelving scheme Damaged status Not for loan Permanent Location Current Location Date acquired Full call number Barcode Date last seen Price effective from Koha item type
WITHDRAWN         Central Library (CL) Central Library (CL) 07/06/2022 BESE-3 KAM SEECSP00460 11/14/2012 11/14/2012 Project Report
© 2023 Central Library, National University of Sciences and Technology. All Rights Reserved.